000 00770nam a22002057a 4500
003 0
005 20250217112948.0
008 250215b xxu||||| |||| 00| 0 eng d
050 _aG 155.P5
_b.G85 2023
100 _aGulati, Saakshi
245 _aViability of wilderness tourism in the Philippine travel agency sector.
_cSaakshi Gulati and one others
260 _aLas Pinas City
_bSouthville International School and Colleges
_c2023
300 _axii, 84 pages;
_c28cm.
500 _aBachelor of Science in Tourism
504 _aIncludes bibliographical references and appendices.
650 _aWilderness tourism – Philippines.
650 _aSustainable tourism – Economic aspects – Philippines.
700 _aDelfin, Lenard Andrwe C.
942 _2lcc
_cTH
999 _c367235
_d367235